IR-8 adoption and the influence of extension campaign (Record no. 21880)

MARC details
000 -LEADER
fixed length control field 00297nam a2200109Ia 4500
082 ## - DEWEY DECIMAL CLASSIFICATION NUMBER
Classification number 633.18
Item number SRI
100 ## - MAIN ENTRY--AUTHOR NAME
Personal name Srinivasamurthy, J
245 #0 - TITLE STATEMENT
Title IR-8 adoption and the influence of extension campaign
260 ## - PUBLICATION, DISTRIBUTION, ETC. (IMPRINT)
Place of publication Bangalore
Name of publisher UAS
Year of publication 1971
942 ## - ADDED ENTRY ELEMENTS (KOHA)
Koha item type Books
Holdings
Withdrawn status Lost status Damaged status Not for loan Home library Current library Date acquired Source of acquisition Full call number Accession Number Koha item type
        RRII Library RRII Library 16/12/2021 Auction 633.18 SRI 02597 Books